Các thủ thuật trong HTML và thiết kế Web
Nội dung scsh gồm các phần sau: Thiết lập hộp công cụ chính; quản lý dự án web; kiến trúc thông tin; tạo site hữu dụng và thuyết phục; tạo và quản lý nội dung phong phú; tạo các trang với HTML; làm cho các site luôn mới và hấp dẫn; hiểu rõ vê...
में बचाया:
| मुख्य लेखक: | |
|---|---|
| स्वरूप: | पुस्तक |
| भाषा: | Undetermined |
| प्रकाशित: |
Hà Nội
Lao động xã hội
2006
|
| विषय: | |
| टैग : |
टैग जोड़ें
कोई टैग नहीं, इस रिकॉर्ड को टैग करने वाले पहले व्यक्ति बनें!
|
| Thư viện lưu trữ: | Trung tâm Học liệu Trường Đại học Cần Thơ |
|---|
| LEADER | 01076nam a2200205Ia 4500 | ||
|---|---|---|---|
| 001 | CTU_123635 | ||
| 008 | 210402s9999 xx 000 0 und d | ||
| 020 | |c 89000 | ||
| 082 | |a 005.7592 | ||
| 082 | |b H407 | ||
| 100 | |a Lê, Minh Hoàng | ||
| 245 | 0 | |a Các thủ thuật trong HTML và thiết kế Web | |
| 245 | 0 | |c Lê Minh Hoàng, Hoàng Đức Hải (chủ biên) | |
| 260 | |a Hà Nội | ||
| 260 | |b Lao động xã hội | ||
| 260 | |c 2006 | ||
| 520 | |a Nội dung scsh gồm các phần sau: Thiết lập hộp công cụ chính; quản lý dự án web; kiến trúc thông tin; tạo site hữu dụng và thuyết phục; tạo và quản lý nội dung phong phú; tạo các trang với HTML; làm cho các site luôn mới và hấp dẫn; hiểu rõ về công nghệ ứng dụng và cơ sở dũ liệu. | ||
| 650 | |a Database design,Html ( document makup language ),Database design | ||
| 904 | |i Tuyến | ||
| 980 | |a Trung tâm Học liệu Trường Đại học Cần Thơ | ||